Name The NBA Duo - Statistics

General Stats
  • This quiz has been taken 13 times
    5 since last reset
  • The average score is 2 of 10
Answer Stats
Players Duo name % Correct
Stephen Curry and Klay Thompson The Splash Brothers
100%
Tim Duncan and David Robinson The Twin Towers
60%
Victor Wembanyama and Luke Kornet French Vanilla
20%
Darius Garland and Collin Sexton Sexland
20%
Jayson Tatum and Jaylen Brown The Jays
20%
Victor Wembanyama and Stephon Castle Area 51
0%
LeBron James and Anthony Davis LeBrow
0%
Stephon Castle and Dylan Harper The Slash Brothers
0%
Tobias Harris and Boban Marjanović Tobi and Bobi
0%
Tyrese Maxey and V. J. Edgecombe VJ Maxx
0%
No matching quizzes found
Score Distribution
Percent of People with Each Score
Percentile by Number Answered
Your Score History
You have not taken this quiz since the last reset